The Mystery of Creator and Creation/ (Record no. 176022)
[ view plain ]
| 000 -LEADER | |
|---|---|
| fixed length control field | 00654 a2200229 4500 |
| 003 - CONTROL NUMBER IDENTIFIER | |
| control field | dpl |
| 005 - DATE AND TIME OF LATEST TRANSACTION | |
| control field | 20201019151850.0 |
| 008 - FIXED-LENGTH DATA ELEMENTS--GENERAL INFORMATION | |
| fixed length control field | 200930b ||||| |||| 00| 0 eng d |
| 010 ## - LIBRARY OF CONGRESS CONTROL NUMBER | |
| LC control number | ENG-128580 |
| 020 ## - INTERNATIONAL STANDARD BOOK NUMBER | |
| International Standard Book Number | 9789350451328 |
| Terms of availability | 300.00 |
| 035 ## - SYSTEM CONTROL NUMBER | |
| System control number | EN-112112 |
| 037 ## - SOURCE OF ACQUISITION | |
| Source of stock number/acquisition | D.B.Act / Pub |
| 040 ## - CATALOGING SOURCE | |
| Transcribing agency | None |
| 082 14 - DEWEY DECIMAL CLASSIFICATION NUMBER | |
| Classification number | 231.765 |
| 100 ## - MAIN ENTRY--PERSONAL NAME | |
| Relator code | Krishna, Anand |
| 245 1# - TITLE STATEMENT | |
| Title | The Mystery of Creator and Creation/ |
| Statement of responsibility, etc | by Anand Krishna |
| 260 ## - PUBLICATION, DISTRIBUTION, ETC. (IMPRINT) | |
| Place of publication, distribution, etc | Kolkata |
| Name of publisher, distributor, etc | Writersworkshopindia |
| Date of publication, distribution, etc | 2016 |
| 270 ## - ADDRESS | |
| Address | 162/92 Lake Gardens |
| City | Calcutta |
| State or province | West Bengal |
| Postal code | 110045 |
| 300 ## - PHYSICAL DESCRIPTION | |
| Extent | 104p. |
| Dimensions | 22 cm.(pbk) |
| 500 ## - GENERAL NOTE | |
| General note | Includes Footnote |
| 942 ## - ADDED ENTRY ELEMENTS (KOHA) | |
| Institution code [OBSOLETE] | dpl |
| Koha item type | English Books |
| Call number prefix | 231.765 |
| Source of classification or shelving scheme | Dewey Decimal Classification |
| Call number suffix | KRI |
| Withdrawn status | Lost status | Source of classification or shelving scheme | Damaged status | Not for loan | Collection code | Home library | Current library | Date acquired | Source of acquisition | Cost, normal purchase price | Total Checkouts | Total Renewals | Full call number | Barcode | Date last seen | Date checked out | Cost, replacement price | Price effective from | Koha item type |
|---|---|---|---|---|---|---|---|---|---|---|---|---|---|---|---|---|---|---|---|
| Dewey Decimal Classification | Non-fiction | Ashok Vihar | Ashok Vihar | 19/10/2020 | DBAD/PUB | 300.00 | 3 | KRI | EN-112112 | 05/11/2024 | 22/10/2024 | 300.00 | 19/10/2020 | English Books |
